Water balance of free-ranging little brown bats (<Myotis lucifugus>) during pregnancy and lactation (Registro nro. 10790)

Detalles MARC
000 -CABECERA
Campo de control 006140000a22001930004500
090 ## - CLASIFICACIÓN LOCAL
Colección AR
Consecutivo 01711
041 0# - IDIOMA
Código de idioma para texto/pista de sonido o título separado
100 1# - ASIENTO PRINCIPAL--NOMBRE PERSONAL
Nombre personal Kurta, Allen
245 10 - MENCION DE TITULO
Título Water balance of free-ranging little brown bats (<Myotis lucifugus>) during pregnancy and lactation
650 14 - ASIENTO SECUNDARIO DE MATERIA - TERMINO TEMATICO
Término temático o nombre geográfico como elemento de entrada Murciélagos
650 14 - ASIENTO SECUNDARIO DE MATERIA - TERMINO TEMATICO
Término temático o nombre geográfico como elemento de entrada Fisiología animal
650 14 - ASIENTO SECUNDARIO DE MATERIA - TERMINO TEMATICO
Término temático o nombre geográfico como elemento de entrada Dieta
653 ## - TERMINO DE INDIZACION - NO CONTROLADO
-- Myotis
-- Myotis lucifugus
700 1# - ASIENTO SECUNDARIO - NOMBRE PERSONAL
Nombre personal Kunz, Thomas H.
700 1# - ASIENTO SECUNDARIO - NOMBRE PERSONAL
Nombre personal Bell, Gary P.
700 1# - ASIENTO SECUNDARIO - NOMBRE PERSONAL
Nombre personal Nagy, Kenneth A.
773 1# - Item fuente:
Título Canadian Journal of Zoology
Especificación de materiales 188
Descripción física 67
Paginas del Articulo 2468-2472
Lugar, editorial y fecha de publicación 1989
942 ## - ELEMENTOS ADICIONALES (KOHA)
Tipo de ítem Artículo
Existencias
Withdrawn status Lost status Damaged status No para préstamo Colección Ubicación Permanente Ubicación actual Fecha de adquisición Fuente de Valor Datos de publicación Seriada Total Checkouts Número topográfico Inventario / Código de Barras Date last seen Ejemplar Price effective from Forma de adquisición Tipo de material
      No para Préstamo Hemeroteca Bogotá Bogotá 27/02/2015 Muñoz Saba, Yaneth Fuera de circulación   AR 01711 012078 25/03/2015 1 25/03/2015   Artículo